|
|
|
|
| LEADER |
00843nam a2200241 a 4500 |
| 001 |
7014 |
| 003 |
BD-DhAAL |
| 005 |
20130819094008.0 |
| 008 |
130819s1993 xxua 000 0 eng d |
| 020 |
|
|
|a 1882839188
|
| 040 |
|
|
|a BD-DhAAL
|c BD-DhAAL
|d BD-DhAAL
|
| 082 |
0 |
0 |
|a 616.99/406
|2 20
|
| 100 |
1 |
|
|a Hilton, Martine.
|9 2647
|
| 245 |
1 |
0 |
|a Surveillance of morbidity and mortality :
|b facilitator's guide /
|c Martine, Milton.
|
| 260 |
|
|
|a Washington D.C. :
|b Aga Khan Foundation,
|c 1993.
|
| 300 |
|
|
|a 58 p. :
|b ill. ;
|c 21 cm.
|
| 541 |
|
|
|e 7014
|
| 650 |
|
0 |
|a Morbidity.
|9 2648
|
| 650 |
|
0 |
|a Surveillance.
|9 2649
|
| 852 |
1 |
|
|a Ayesha Abed Library
|j General shelf.
|
| 942 |
|
|
|2 ddc
|c BK
|
| 999 |
|
|
|c 13846
|d 13846
|
| 952 |
|
|
|0 0
|1 0
|2 ddc
|4 0
|6 616_994060000000000_HIL
|7 0
|9 23172
|a BRACUL
|b BRACUL
|c GEN
|d 2013-08-19
|l 0
|o 616.99406 HIL
|p 3010007014
|r 2013-08-19
|t 1
|w 2013-08-19
|y BK
|